000 01200nac a22003137a 4500
001 BR8500459
003 BR-BrBNA
005 20240105120233.0
008 230509b bl.|||m| |||| 00| 0 por d
040 _aBR-BrBNA
_bpor
_cBiblioteca Nacional de Agricultura
072 _aF00
090 _a0331 BR8500459
100 1 _aSantos, J.F. dos
110 1 _aEmpresa Estadual de Pesquisa Agropecuaria da Paraiba S.A., Joao Pessoa (Brasil)
245 1 _aIntroducao e avaliacao de cultivares de mamona (Ricinus communis L.)na Serra do Teixeira, estado da Paraiba [Brasil]
246 1 _a[Introduction and evaluation of castor bean (Ricinus communis L.)cultivars in Serra do Teixeira, state of Paraiba [Brazil]]
260 3 _aJoao Pessoa, PB (Brasil):
_c1984.
300 _a3 p.
490 _aPesquisa em Andamento - Empresa Estadual de Pesquisa Agropecuaria da Paraiba S.A. (Brazil)
_vno. 21
_xISSN 0101-9406
650 _aMAMONA
650 _aVARIEDADE
650 _aCOMPORTAMENTO DE VARIEDADE
650 _aCOMPETICAO DE VARIEDADE
650 _aRENDIMENTO
650 _aSERRA DO TEIXEIRA
650 _aPARAIBA
909 _a202312
_bLúcia Elande
_c55
_dLúcia Elande
942 _2AGRIS
_n0
_cMS
999 _c278457
_d278457